ANIMORPHS (Record no. 5948)
[ view plain ]
| 000 -LEADER | |
|---|---|
| fixed length control field | 00736nam a22001457a 4500 |
| 020 ## - INTERNATIONAL STANDARD BOOK NUMBER | |
| ISBN | 0-590-62979-4 |
| 082 ## - DEWEY DECIMAL CLASSIFICATION NUMBER | |
| Classification number | 823 |
| Item number | APP/A |
| 100 ## - MAIN ENTRY--AUTHOR NAME | |
| Personal name | APPLEGATE, K A |
| 245 ## - TITLE STATEMENT | |
| Title | ANIMORPHS |
| Remainder of title | THE ENCOUNTER |
| 260 ## - PUBLICATION, DISTRIBUTION, ETC. (IMPRINT) | |
| Place of publication | NEW YORK |
| Name of publisher | SCHOLASTIC INC |
| Year of publication | 1996 |
| 300 ## - PHYSICAL DESCRIPTION | |
| Number of Pages | 157 |
| 520 ## - SUMMARY, ETC. | |
| Summary, etc | The remains of the downed truck ship are disposed of by the Yeerks, thus leaving no evidence for the Animorphs to show the world. Tobias is distressed over the death of the hawk, but realizes that it is this emotion that makes him human, as a true hawk would not care if another hawk had died. Tobias discusses this with Rachel, and begins to accept his newfound balance between being a hawk and being a human. |
| 650 ## - SUBJECT ADDED ENTRY--TOPICAL TERM | |
| Topical Term | ADVENTURE |
| Geographic subdivision | UNITED STATES |
| 942 ## - ADDED ENTRY ELEMENTS (KOHA) | |
| Koha item type | Books |
| Withdrawn status | Lost status | Collection code | Home library | Current library | Shelving location | Date acquired | Source of acquisition | Full call number | Accession Number | Koha item type |
|---|---|---|---|---|---|---|---|---|---|---|
| Fiction | Main Library | Main Library | SHELF 15 H-HARRY POTTER(CHARACTERISATION),WIMPY KID,DORK DIARIES | 18/06/2010 | purchase | 823 APP/A | 05426 | Books |